000 00342nam a2200145Ia 4500
100 _aNone
942 _cBK
654 _aelectronics
245 _aTDM Pulse Code Modulation Transmitter & Receiver Trainer-ST-2103 & ST 2104 WB
260 _bnone
_aIndore
082 _a621.381536
_bSCI
300 _a85
546 _aENGLISH
999 _c30806
_d30806